[Event "Bushehr Lian op 7th"]
[Site "Bushehr"]
[Date "2015.11.15"]
[Round "8"]
[White "Marfavi, Jasem"]
[Black "Naderi, Mohmmad Javad"]
[Result "0-1"]
[WhiteElo "1984"]
[BlackElo "2193"]
[PlyCount "180"]
[EventDate "2015.11.11"]
[EventType "swiss"]
[EventRounds "9"]
[EventCountry "IRI"]
[SourceTitle "CBM 169 Extra"]
[Source "ChessBase"]
[SourceDate "2015.12.18"]
[SourceVersion "1"]
[SourceVersionDate "2015.12.18"]
[SourceQuality "1"]

1. d4 Nf6 2. Nf3 g6 3. c4 c5 4. e3 Bg7 5. Nc3 0-0 6. Be2 cxd4 7. Nxd4 Nc6 8. 0-0 d6 9. Bf3 Bd7 10. b3 Rb8 11. Bb2 a6 12. Rc1 Qa5 13. Qd2 Rfc8 14. Rfd1 b5 15. Bxc6 Bxc6 16. Nxc6 Rxc6 17. cxb5 axb5 18. h3 Rbc8 19. Qd3 b4 20. Qb5 Qxb5 21. Nxb5 Nd7 22. Rxc6 Rxc6 23. Rc1 Nc5 24. Bxg7 Kxg7 25. Nd4 Ra6 26. Rc2 Kf6 27. Kf1 e6 28. Ne2 Ke7 29. Nc1 Rb6 30. Ke2 Kd7 31. f3 Ra6 32. Rc4 Rb6 33. e4 Rb5 34. Ke3 d5 35. Rc2 Kd6 36. exd5 exd5 37. Ne2 Ne6 38. Rc8 Ra5 39. Rb8 Rxa2 40. Rxb4 Kc5 41. Rb7 d4+ 42. Kd3 Kd5 43. Rd7+ Kc6 44. Rxf7 Nc5+ 45. Kxd4 Rxe2 46. Rxh7 Nxb3+ 47. Kc3 Nc5 48. g4 Re3+ 49. Kc2 Rxf3 50. Rh6 Rf6 51. g5 Rf2+ 52. Kd1 Rh2 53. Rxg6+ Kd7 54. Rh6 Ne6 55. h4 Ke7 56. Kc1 Ng7 57. Kd1 Kf7 58. Kc1 Kg8 59. Kd1 Nf5 60. Rg6+ Kh7 61. Rf6 Ne3+ 62. Kc1 Kg7 63. Re6 Nf5 64. Rf6 Ne7 65. Re6 Ng6 66. Ra6 Rxh4 67. Ra7+ Kf8 68. Ra6 Ne7 69. Rf6+ Kg7 70. Re6 Ng6 71. Ra6 Rh2 72. Ra7+ Kf8 73. Ra6 Ne7 74. Rf6+ Kg7 75. Ra6 Ng6 76. Ra1 Rg2 77. Ra7+ Kf8 78. Ra5 Ne7 79. Re5 Kf7 80. Kd1 Ng6 81. Rf5+ Kg7 82. Ke1 Ne7 83. Re5 Kf7 84. Kf1 Ra2 85. Kg1 Nc8 86. Rc5 Nd6 87. Rd5 Nc4 88. Rc5 Ne3 89. Re5 Re2 90. Kh1 Re1+ 0-1

[Event "Bushehr Lian op 7th"]
[Site "Bushehr"]
[Date "2015.11.14"]
[Round "6"]
[White "Naderi, Mohmmad Javad"]
[Black "Roohi, Abdolmajid"]
[Result "1/2-1/2"]
[WhiteElo "2193"]
[BlackElo "2179"]
[PlyCount "92"]
[EventDate "2015.11.11"]
[EventType "swiss"]
[EventRounds "9"]
[EventCountry "IRI"]
[SourceTitle "CBM 169 Extra"]
[Source "ChessBase"]
[SourceDate "2015.12.18"]
[SourceVersion "1"]
[SourceVersionDate "2015.12.18"]
[SourceQuality "1"]

1. Nf3 Nf6 2. g3 b6 3. Bg2 Bb7 4. c4 e6 5. 0-0 Be7 6. Nc3 0-0 7. d4 Ne4 8. Qc2 Nxc3 9. Qxc3 d6 10. d5 e5 11. e4 a5 12. Be3 Bc8 13. b3 f5 14. exf5 Bxf5 15. Nd2 Bg5 16. Ne4 Bxe3 17. Qxe3 Nd7 18. Ng5 Nc5 19. Ne6 Nxe6 20. dxe6 Rc8 21. f4 Bxe6 22. fxe5 Rxf1+ 23. Rxf1 dxe5 24. Qxe5 Qd6 25. Qxd6 cxd6 26. Re1 Re8 27. Bc6 Re7 28. Rd1 Bg4 29. Rxd6 Re1+ 30. Kf2 Re2+ 31. Kf1 Rxa2 32. Bd5+ Kf8 33. Rxb6 Rxh2 34. Rb7 g5 35. Ra7 h5 36. Bg2 h4 37. gxh4 Rxh4 38. c5 Bh3 39. c6 Rf4+ 40. Kg1 Rg4 41. Kh2 Rxg2+ 42. Kxh3 Rc2 43. Rxa5 Rxc6 44. Rxg5 Rc3+ 45. Rg3 Rxg3+ 46. Kxg3 Ke7 1/2-1/2

[Event "Armen Norouz Cup 1st"]
[Site "Esfahan"]
[Date "2011.03.26"]
[Round "3"]
[White "Naderi, Mohmmad Javad"]
[Black "Khaje Hesamedini, Ali"]
[Result "1/2-1/2"]
[WhiteElo "2084"]
[BlackElo "2151"]
[PlyCount "30"]
[EventDate "2011.03.25"]
[EventType "swiss"]
[EventRounds "9"]
[EventCountry "IRI"]
[SourceTitle "CBM 141 Extra"]
[Source "ChessBase"]
[SourceDate "2011.05.03"]
[SourceVersion "1"]
[SourceVersionDate "2011.05.03"]
[SourceQuality "1"]

1. d4 Nf6 2. c4 c5 3. Nf3 cxd4 4. Nxd4 Nc6 5. Nc3 g6 6. g3 Bg7 7. Bg2 0-0 8. 0-0 Nxd4 9. Qxd4 d6 10. Qd3 Bf5 11. e4 Bd7 12. b3 Bc6 13. Bb2 Nd7 14. Qd2 a6 15. Rac1 Rc8 1/2-1/2